000 01455cam a22002175a 4500
001 L141135
008 071030s1798 xxk eng u
035 _a(Sirsi) u141135
041 0 _aeng
110 2 _aSkinner, Dyke and Skinner
_95429
245 0 4 _aThe particulars of eligible freehold estates advantageously situate on the east side of the Borough High Street and in Angel Court, adjoining, near St George's Church consisting of two commodious dwelling houses and shops with extensive fronts (no. 146 and no. 147), The Angel Public House and twenty-five dwelling houses forming the whole of Angel Court...which will be sold at auction by Mess. Skinner, Dyke and Skinner on Thursday the 19th of July 1798...
260 _aS.l.
_bs.n.
_c[1798]
300 _a2 leaves
_c33 x 21 cm. +
_e5 sheets (map, 26 x 22 cm., or smaller)
340 _aPrinted
351 _cSingle item
500 _aItem is accompanied by a letter from the donor, dated 15 February 1911, a letter forwarding the sales particulars to a firm in the area, for their interest, dated 16 February 1911, and a letter from this firm dated 20 February 1911 returning the particulars and enclosing a tracing from Horwood's Plan of London of 1799 showing the area concerned.
500 _aItem is annotated in ink with the prices of lots and other notes.
651 4 _aLondon
690 _aPROPERTY-PROPERTY ACQUISITION AND DISPOSAL-ACQUISITION AND DISPOSAL AT AUCTION
942 _n0
999 _c116615
_d116615